[Event "EU-Cup 35th"]
[Site "Ulcinj"]
[Date "2019.11.15"]
[Round "6.13"]
[White "Bikady, Claude"]
[Black "Goldstern, Filip Daniel"]
[Result "1-0"]
[WhiteElo "1912"]
[BlackElo "2279"]
[PlyCount "75"]
[EventDate "2019.11.10"]
[EventType "team-swiss"]
[EventRounds "7"]
[EventCountry "MNE"]
[SourceTitle "CBM 193 Extra"]
[Source "ChessBase"]
[SourceDate "2020.01.31"]
[SourceVersion "1"]
[SourceVersionDate "2020.01.31"]
[SourceQuality "1"]
[WhiteTeam "Mosan Echiquier"]
[BlackTeam "Zuerich SG"]
[WhiteTeamCountry "NED"]
[BlackTeamCountry "SUI"]

1. d4 g6 2. Nf3 Bg7 3. Nc3 d6 4. e4 a6 5. Be3 e6 6. a4 b6 7. Qd2 h6 8. Bd3 Bb7 9. 0-0 Nd7 10. d5 e5 11. b4 a5 12. Nb5 axb4 13. Qxb4 Rb8 14. Qc3 Nc5 15. Bxc5 bxc5 16. Na7 Ne7 17. Bb5+ Kf8 18. Rfb1 f5 19. Nc6 Bxc6 20. Bxc6 fxe4 21. Nd2 Nxc6 22. dxc6 Rxb1+ 23. Rxb1 Qe8 24. Qc4 Qxc6 25. Rb8+ Ke7 26. Rxh8 d5 27. Qb3 Bxh8 28. a5 Bf6 29. Qa3 Bg5 30. Nb3 e3 31. Nxc5 e2 32. Nd3+ Qd6 33. Qa1 e4 34. Ne1 Bd2 35. a6 Qf6 36. Qxf6+ Kxf6 37. a7 Bxe1 38. a8Q 1-0

[Event "EU-Cup 35th"]
[Site "Ulcinj"]
[Date "2019.11.11"]
[Round "2.4"]
[White "Goganov, Aleksey"]
[Black "Goldstern, Filip Daniel"]
[Result "1-0"]
[WhiteElo "2565"]
[BlackElo "2279"]
[PlyCount "61"]
[EventDate "2019.11.10"]
[EventType "team-swiss"]
[EventRounds "7"]
[EventCountry "MNE"]
[SourceTitle "CBM 193 Extra"]
[Source "ChessBase"]
[SourceDate "2020.01.31"]
[SourceVersion "1"]
[SourceVersionDate "2020.01.31"]
[SourceQuality "1"]
[WhiteTeam "Mednyi Vsadnik"]
[BlackTeam "Zuerich SG"]
[WhiteTeamCountry "RUS"]
[BlackTeamCountry "SUI"]

1. d4 Nf6 2. c4 e6 3. Nf3 c5 4. d5 d6 5. Nc3 exd5 6. cxd5 g6 7. Nd2 Nbd7 8. e4 Bg7 9. Be2 0-0 10. 0-0 Ne8 11. a4 Nc7 12. Nc4 Ne5 13. Ne3 f5 14. f4 Nf7 15. Kh1 fxe4 16. Nxe4 Qe7 17. Bf3 b6 18. Re1 Bb7 19. Bd2 Nxd5 20. Nxd5 Bxd5 21. Nxc5 Bxf3 22. gxf3 Qh4 23. Ne6 Bxb2 24. Rb1 Bf6 25. Nxf8 Rxf8 26. Re6 Bg7 27. Qe2 Nh6 28. Re8 Nf5 29. Qe6+ Kh8 30. Rxf8+ Bxf8 31. Bc3+ 1-0

[Event "SUI-chT"]
[Site "Switzerland"]
[Date "2018.09.08"]
[Round "6.8"]
[White "Goldstern, Filip Daniel"]
[Black "Salerno, Christian"]
[Result "1/2-1/2"]
[WhiteElo "2275"]
[BlackElo "2124"]
[PlyCount "121"]
[EventDate "2018.03.25"]
[EventType "team-tourn"]
[EventRounds "9"]
[EventCountry "SUI"]
[SourceTitle "EXT 2019"]
[Source "ChessBase"]
[SourceDate "2018.10.10"]
[SourceVersion "1"]
[SourceVersionDate "2018.10.10"]
[SourceQuality "1"]
[WhiteTeam "Zuerich"]
[BlackTeam "St Gallen"]
[WhiteTeamCountry "SUI"]
[BlackTeamCountry "SUI"]

1. c4 e5 2. Nc3 Nc6 3. g3 d6 4. Bg2 Be6 5. d3 Qd7 6. Rb1 Be7 7. b4 Nf6 8. Nd5 0-0 9. e3 Nd8 10. h3 c6 11. Nxe7+ Qxe7 12. Ne2 d5 13. Qc2 Rc8 14. e4 dxc4 15. dxc4 b5 16. c5 Bc4 17. 0-0 Ne6 18. Rd1 Rfd8 19. Be3 a5 20. a3 a4 21. Rxd8+ Rxd8 22. Rd1 Bb3 23. Rxd8+ Qxd8 24. Qd2 Qxd2 25. Bxd2 Bc2 26. f3 Nd7 27. h4 f6 28. Bh3 Ndf8 29. Kf2 Bd3 30. Bc3 Bxe2 31. Kxe2 Kf7 32. Ke3 Ke7 33. Bf5 g6 34. Bh3 Nd7 35. f4 Kf7 36. Bg4 Ke7 37. Bf3 Nc7 38. Bb2 Kf7 39. Bg4 Ne6 40. Bh3 Ke7 41. Bf1 Nc7 42. Bd3 Kf7 43. Bb1 Kf8 44. Ba2 Kg7 45. Bc3 Kf8 46. Kf3 Ke7 47. Bb2 Ne6 48. Ke3 Nd8 49. Bb1 Nf7 50. Bd3 Nd8 51. Be2 Nf7 52. Bg4 Ke8 53. Be6 Ke7 54. Bg4 Ke8 55. h5 Ke7 56. Kf3 Ke8 57. hxg6 hxg6 58. Be6 Ke7 59. Ba2 Ke8 60. Kg4 Ke7 61. Kf3 1/2-1/2

[Event "SUI-chT"]
[Site "Switzerland"]
[Date "2017.04.23"]
[Round "3.7"]
[White "Kappeler, Kaspar"]
[Black "Goldstern, Filip Daniel"]
[Result "1/2-1/2"]
[WhiteElo "2238"]
[BlackElo "2302"]
[PlyCount "128"]
[EventDate "2017.03.19"]
[EventType "team-swiss"]
[EventRounds "9"]
[EventCountry "SUI"]
[SourceTitle "EXT 2018"]
[Source "ChessBase"]
[SourceDate "2017.10.13"]
[SourceVersion "1"]
[SourceVersionDate "2017.10.13"]
[SourceQuality "1"]
[WhiteTeam "Reti"]
[BlackTeam "Zuerich"]
[WhiteTeamCountry "SUI"]
[BlackTeamCountry "SUI"]

1. d4 Nf6 2. c4 e6 3. g3 c5 4. Nf3 cxd4 5. Nxd4 Qc7 6. Nd2 Bb4 7. Qc2 Nc6 8. Nb5 Qb8 9. Bg2 a6 10. Nc3 Qe5 11. Nb3 0-0 12. 0-0 d5 13. Na4 dxc4 14. Qxc4 Qb5 15. Qxb5 axb5 16. Nc3 Bxc3 17. bxc3 Nd5 18. Bd2 Ne5 19. Rfd1 Nc4 20. Be1 Na3 21. Rac1 Nc4 22. Ra1 Na3 23. Rdc1 Bd7 24. e4 Nb6 25. f4 e5 26. Nc5 Bc6 27. Bf2 Nbc4 28. Nd3 f6 29. Nb4 Rfd8 30. Rd1 Rd2 31. Rxd2 Nxd2 32. Be1 Ndc4 33. Kf2 Re8 34. f5 Rd8 35. Ke2 Nb2 36. Nd5 Kf7 37. Bf2 Na4 38. Rc1 Nc4 39. g4 Nd6 40. Ke1 Nxe4 41. Bxe4 Bxd5 42. Bxd5+ Rxd5 43. c4 bxc4 44. Rxc4 b5 45. Rc7+ Kf8 46. Ke2 h6 47. Be3 Kg8 48. h4 b4 49. Kf3 Nc3 50. a3 Rd3 51. Rc8+ Kh7 52. axb4 Nd1 53. Ke2 Rxe3+ 54. Kxd1 Re4 55. b5 Rxg4 56. h5 Rb4 57. Rb8 e4 58. Ke2 Rb3 59. b6 Rb5 60. b7 Rb3 61. Kd2 g6 62. Re8 Rxb7 63. hxg6+ Kg7 64. Rxe4 Rb5 1/2-1/2

[Event "Celerina op 10th"]
[Site "Celerina"]
[Date "2016.05.15"]
[Round "4"]
[White "Goldstern, Filip Daniel"]
[Black "Salzgeber, Frank"]
[Result "0-1"]
[WhiteElo "2302"]
[BlackElo "2162"]
[PlyCount "86"]
[EventDate "2016.05.14"]
[EventType "swiss"]
[EventRounds "5"]
[EventCountry "SUI"]
[SourceTitle "CBM 172 Extra"]
[Source "ChessBase"]
[SourceDate "2016.06.21"]
[SourceVersion "1"]
[SourceVersionDate "2016.06.21"]
[SourceQuality "1"]

1. Nf3 Nf6 2. c4 e6 3. b3 b6 4. g3 Bb7 5. Bg2 d5 6. Bb2 Be7 7. cxd5 exd5 8. 0-0 0-0 9. d4 Re8 10. Nc3 Na6 11. Rc1 c6 12. Ne5 Rc8 13. e3 Bd6 14. f4 Nc7 15. Bh3 Ne6 16. Bf5 Ba6 17. Rf2 c5 18. g4 g6 19. Bb1 cxd4 20. exd4 Bb7 21. Qd2 Bxe5 22. fxe5 Ne4 23. Bxe4 dxe4 24. Rd1 e3 25. Qxe3 Rxc3 26. Bxc3 Qd5 27. Kf1 Nc5 28. Ke1 Ne4 29. Rf4 Nxc3 30. Qxc3 Qh1+ 31. Rf1 Qe4+ 32. Kf2 Rc8 33. Qe3 Rc2+ 34. Rd2 Qg2+ 35. Ke1 Rc1+ 36. Rd1 Rxd1+ 37. Kxd1 Qxf1+ 38. Kd2 Qg2+ 39. Qe2 Qd5 40. Qe3 Qg2+ 41. Qe2 Qxe2+ 42. Kxe2 Bd5 43. g5 Kf8 0-1

[Event "Celerina op 10th"]
[Site "Celerina"]
[Date "2016.05.14"]
[Round "1"]
[White "Adzic, Anna"]
[Black "Goldstern, Filip Daniel"]
[Result "0-1"]
[WhiteElo "1836"]
[BlackElo "2302"]
[PlyCount "34"]
[EventDate "2016.05.14"]
[EventType "swiss"]
[EventRounds "5"]
[EventCountry "SUI"]
[SourceTitle "CBM 172 Extra"]
[Source "ChessBase"]
[SourceDate "2016.06.21"]
[SourceVersion "1"]
[SourceVersionDate "2016.06.21"]
[SourceQuality "1"]

1. e4 d5 2. exd5 Qxd5 3. Nc3 Qa5 4. d4 c6 5. Bc4 Bf5 6. Nf3 Nf6 7. 0-0 e6 8. Re1 Bb4 9. Bd2 Nbd7 10. a3 Bxc3 11. Bxc3 Qc7 12. Bd3 Bg4 13. h3 Bh5 14. b4 0-0 15. Bb2 b5 16. Be2 Bxf3 17. Bxf3 Nb6 0-1

[Event "Stein am Rhein op 5th"]
[Site "Stein am Rhein"]
[Date "2016.01.31"]
[Round "5"]
[White "Goldstern, Filip Daniel"]
[Black "Boschetti, Claudio"]
[Result "1/2-1/2"]
[WhiteElo "2310"]
[BlackElo "2140"]
[PlyCount "66"]
[EventDate "2016.01.29"]
[EventType "swiss"]
[EventRounds "5"]
[EventCountry "SUI"]
[SourceTitle "CBM 170 Extra"]
[Source "ChessBase"]
[SourceDate "2016.02.25"]
[SourceVersion "1"]
[SourceVersionDate "2016.02.25"]
[SourceQuality "1"]

1. d4 Nf6 2. c4 e5 3. dxe5 Ng4 4. e3 Nxe5 5. Nc3 d6 6. Nge2 g6 7. b3 Bg7 8. Bb2 0-0 9. Nf4 Re8 10. Be2 a5 11. 0-0 Nbd7 12. Qd2 Nc5 13. Rad1 f5 14. Ba3 Ned7 15. Qc2 Be5 16. Nd3 Nxd3 17. Rxd3 f4 18. exf4 Bxf4 19. g3 Be5 20. f4 Bg7 21. Bf3 Nf6 22. Qd2 Bf5 23. Bxb7 Bxd3 24. Qxd3 Rb8 25. Bc6 Re7 26. h3 Qc8 27. Kg2 Qa6 28. Qf3 Qa7 29. c5 dxc5 30. Nd5 Nxd5 31. Qxd5+ Kh8 32. Bxc5 Re2+ 33. Rf2 Qa6 1/2-1/2

[Event "Stein am Rhein op 5th"]
[Site "Stein am Rhein"]
[Date "2016.01.30"]
[Round "3"]
[White "Schneider, Bernd"]
[Black "Goldstern, Filip Daniel"]
[Result "1/2-1/2"]
[WhiteElo "2390"]
[BlackElo "2310"]
[PlyCount "30"]
[EventDate "2016.01.29"]
[EventType "swiss"]
[EventRounds "5"]
[EventCountry "SUI"]
[SourceTitle "CBM 170 Extra"]
[Source "ChessBase"]
[SourceDate "2016.02.25"]
[SourceVersion "1"]
[SourceVersionDate "2016.02.25"]
[SourceQuality "1"]

1. c4 c5 2. g3 g6 3. Bg2 Bg7 4. Nf3 Nc6 5. 0-0 e6 6. Nc3 Nge7 7. d3 0-0 8. Bd2 d5 9. a3 b6 10. Rb1 Bb7 11. cxd5 Nxd5 12. Nxd5 Qxd5 13. b4 cxb4 14. axb4 Rfd8 15. Ng5 Qd7 1/2-1/2

[Event "SUI-chT"]
[Site "Switzerland"]
[Date "2015.09.05"]
[Round "6.7"]
[White "Goldstern, Filip Daniel"]
[Black "Pahud, Cedric"]
[Result "1/2-1/2"]
[WhiteElo "2315"]
[BlackElo "2154"]
[PlyCount "62"]
[EventDate "2015.03.29"]
[EventType "team-tourn"]
[EventRounds "9"]
[EventCountry "SUI"]
[SourceTitle "EXT 2016"]
[Source "ChessBase"]
[SourceDate "2015.10.08"]
[SourceVersion "1"]
[SourceVersionDate "2015.10.08"]
[SourceQuality "1"]
[WhiteTeam "Zuerich"]
[BlackTeam "Echallens"]
[WhiteTeamCountry "SUI"]
[BlackTeamCountry "SUI"]

1. Nf3 c5 2. c4 g6 3. d4 cxd4 4. Nxd4 Nc6 5. e4 Nf6 6. Nc3 d6 7. Be2 Nxd4 8. Qxd4 Bg7 9. Be3 0-0 10. Qd2 Be6 11. Rc1 Qa5 12. f3 Rfc8 13. b3 a6 14. Nd5 Qxd2+ 15. Kxd2 Nxd5 16. cxd5 Bd7 17. Rxc8+ Rxc8 18. Rc1 Rxc1 19. Kxc1 Kf8 20. Kc2 Bf6 21. a4 e6 22. Bb6 Ke7 23. Bc4 Ba1 24. Kd3 Bb2 25. a5 Bf6 26. Bc7 Bc8 27. Bb6 Bd7 28. Bc7 Bc8 29. f4 e5 30. g3 Bg7 31. Ke3 Bg4 1/2-1/2

[Event "Davos op"]
[Site "Davos"]
[Date "2014.07.11"]
[Round "6"]
[White "Rusche, Johannes"]
[Black "Goldstern, Filip Daniel"]
[Result "1-0"]
[WhiteElo "2219"]
[BlackElo "2301"]
[PlyCount "51"]
[EventDate "2014.07.07"]
[EventType "swiss"]
[EventRounds "9"]
[EventCountry "SUI"]
[SourceTitle "EXT 2016"]
[Source "ChessBase"]
[SourceDate "2015.10.08"]
[SourceVersion "1"]
[SourceVersionDate "2015.10.08"]
[SourceQuality "1"]

1. e4 c5 2. c3 Nf6 3. e5 Nd5 4. Nf3 e6 5. Bc4 Nc6 6. d4 cxd4 7. cxd4 d6 8. 0-0 Be7 9. Re1 0-0 10. exd6 Qxd6 11. Nc3 Rd8 12. Nb5 Qb8 13. g3 a6 14. Bxd5 axb5 15. Bb3 Bf6 16. Bg5 Bxg5 17. Nxg5 h6 18. Nxf7 Kxf7 19. d5 Ne5 20. Qh5+ Kf6 21. Re4 exd5 22. Rf4+ Ke7 23. Re1 Be6 24. Rxe5 Qc8 25. Rf7+ Kd6 26. Rxd5+ 1-0

[Event "Davos op"]
[Site "Davos"]
[Date "2014.07.09"]
[Round "4"]
[White "Kasparov, Sergey"]
[Black "Goldstern, Filip Daniel"]
[Result "1-0"]
[WhiteElo "2460"]
[BlackElo "2301"]
[PlyCount "55"]
[EventDate "2014.07.07"]
[EventType "swiss"]
[EventRounds "9"]
[EventCountry "SUI"]
[SourceTitle "EXT 2016"]
[Source "ChessBase"]
[SourceDate "2015.10.08"]
[SourceVersion "1"]
[SourceVersionDate "2015.10.08"]
[SourceQuality "1"]

1. e4 d5 2. exd5 Qxd5 3. Nf3 Bg4 4. Be2 Nc6 5. h3 Bh5 6. Nc3 Qd7 7. d3 e6 8. Be3 Nf6 9. Qd2 0-0-0 10. a3 Bxf3 11. Bxf3 Nd4 12. Bxd4 Qxd4 13. 0-0 c6 14. Ne2 Qxb2 15. Rfb1 Qe5 16. d4 Qc7 17. Rb3 e5 18. Rab1 b6 19. Qd3 exd4 20. Qa6+ Qb7 21. Qc4 Qc7 22. Nxd4 Bc5 23. Nxc6 Rd2 24. Qa6+ Kd7 25. Rd3+ Rxd3 26. cxd3 Ke8 27. d4 Bd6 28. Nxa7 1-0

[Event "Davos op"]
[Site "Davos"]
[Date "2014.07.07"]
[Round "1"]
[White "Boschetti, Claudio"]
[Black "Goldstern, Filip Daniel"]
[Result "0-1"]
[WhiteElo "2100"]
[BlackElo "2301"]
[PlyCount "96"]
[EventDate "2014.07.07"]
[EventType "swiss"]
[EventRounds "9"]
[EventCountry "SUI"]
[SourceTitle "EXT 2016"]
[Source "ChessBase"]
[SourceDate "2015.10.08"]
[SourceVersion "1"]
[SourceVersionDate "2015.10.08"]
[SourceQuality "1"]

1. e4 d5 2. exd5 Qxd5 3. Nc3 Qa5 4. d4 c6 5. Nf3 Nf6 6. Bc4 Bf5 7. Ne5 e6 8. 0-0 Nbd7 9. Qe2 Bb4 10. Bd2 0-0 11. a3 Bxc3 12. Bxc3 Qc7 13. b4 b5 14. Bb3 Be4 15. Bb2 Bd5 16. c4 bxc4 17. Bxc4 Nxe5 18. dxe5 Bxc4 19. Qxc4 Nd5 20. Rac1 Rfc8 21. Rfd1 a5 22. bxa5 Rxa5 23. Rd3 Qa7 24. Rb3 h6 25. g3 c5 26. Rb1 Ra4 27. Qb5 c4 28. Bd4 Qa8 29. Rf3 Rxa3 30. Rxa3 Qxa3 31. Qd7 Rc7 32. Rb8+ Kh7 33. Qd8 Kg6 34. h4 Kf5 35. Qh8 Ke4 36. Bb2 Qf3 37. Qxg7 c3 38. Ba3 Ra7 39. Qf8 c2 40. Qc5 Rxa3 41. Qxc2+ Kxe5 42. Rb1 Rd3 43. Re1+ Kf6 44. Qb2+ Kg6 45. Qe5 Rd2 46. Rf1 Re2 47. Qh8 Ne3 48. Qg8+ Kh5 0-1

[Event "Davos op 11th"]
[Site "Davos"]
[Date "2013.08.10"]
[Round "5"]
[White "Goldstern, Filip Daniel"]
[Black "Bigg, Andrew J"]
[Result "0-1"]
[WhiteElo "2315"]
[BlackElo "2314"]
[PlyCount "58"]
[EventDate "2013.08.06"]
[EventType "swiss"]
[EventRounds "5"]
[EventCountry "SUI"]
[SourceTitle "CBM 155 Extra"]
[Source "ChessBase"]
[SourceDate "2013.08.26"]
[SourceVersion "1"]
[SourceVersionDate "2013.08.26"]
[SourceQuality "1"]

1. g3 e5 2. c4 Nc6 3. Bg2 g6 4. Nc3 Bg7 5. d3 d6 6. Rb1 Be6 7. b4 Qd7 8. b5 Nd8 9. Bd2 Ne7 10. Nd5 0-0 11. Qa4 f5 12. Qa5 Bxd5 13. cxd5 b6 14. Qa6 Qc8 15. Qxc8 Nxc8 16. Nf3 h6 17. e4 a6 18. bxa6 Rxa6 19. Rb2 Nb7 20. Bb4 Nc5 21. Bxc5 dxc5 22. Ke2 fxe4 23. dxe4 Nd6 24. Nd2 Rfa8 25. Ra1 h5 26. f3 c4 27. Rc2 b5 28. Kd1 Bh6 29. Bf1 Be3 0-1

[Event "Davos op 11th"]
[Site "Davos"]
[Date "2013.08.07"]
[Round "2"]
[White "Kuhn, Gerhard"]
[Black "Goldstern, Filip Daniel"]
[Result "0-1"]
[WhiteElo "2021"]
[BlackElo "2315"]
[PlyCount "114"]
[EventDate "2013.08.06"]
[EventType "swiss"]
[EventRounds "5"]
[EventCountry "SUI"]
[SourceTitle "CBM 155 Extra"]
[Source "ChessBase"]
[SourceDate "2013.08.26"]
[SourceVersion "1"]
[SourceVersionDate "2013.08.26"]
[SourceQuality "1"]

1. e4 g6 2. d4 Bg7 3. Nc3 d6 4. Be3 a6 5. h4 h6 6. Qd2 b5 7. Bd3 Bb7 8. f3 Nd7 9. Nce2 c5 10. c3 e6 11. Bc2 Ne7 12. Nh3 Qc7 13. Kf2 e5 14. Rad1 d5 15. dxe5 Nxe5 16. Bf4 dxe4 17. Bxe5 Bxe5 18. Bxe4 Bxe4 19. fxe4 Qc6 20. Qe3 Qf6+ 21. Kg1 Qxh4 22. Nf2 Qg5 23. Qxg5 hxg5 24. Ng4 Rxh1+ 25. Kxh1 Bg7 26. Ne3 Rd8 27. Rxd8+ Kxd8 28. g4 Be5 29. Kg2 Kd7 30. Kf3 Ke6 31. Nc1 c4 32. Ne2 Nc6 33. a4 Kd6 34. axb5 axb5 35. Nd5 Kc5 36. Ke3 Bh2 37. Kd2 Ne5 38. Nf6 Bf4+ 39. Kc2 Be3 40. b4+ cxb3+ 41. Kxb3 Nc6 42. Nd5 Bf2 43. Nc1 Ne5 44. Nf6 Be1 45. Na2 Kd6 46. Nb4 Bf2 47. Nbd5 Bc5 48. Ne8+ Kc6 49. Nef6 Bb6 50. Nb4+ Kd6 51. Nbd5 Bd8 52. Kb4 Bxf6 53. Nxf6 Ke6 54. Nd5 Nxg4 55. c4 bxc4 56. Kxc4 Ke5 57. Kd3 Nf2+ 0-1

[Event "Stein am Rhein op 1st"]
[Site "Stein am Rhein"]
[Date "2013.02.02"]
[Round "2"]
[White "Maffioli, Massimo"]
[Black "Goldstern, Filip Daniel"]
[Result "1/2-1/2"]
[WhiteElo "1917"]
[BlackElo "2323"]
[PlyCount "113"]
[EventDate "2013.02.01"]
[EventType "swiss"]
[EventRounds "5"]
[EventCountry "SUI"]
[SourceTitle "CBM 153 Extra"]
[Source "ChessBase"]
[SourceDate "2013.04.22"]
[SourceVersion "1"]
[SourceVersionDate "2013.04.22"]
[SourceQuality "1"]

1. d4 Nf6 2. c4 e6 3. Nc3 d5 4. Bg5 Be7 5. e3 0-0 6. Nf3 h6 7. Bh4 b6 8. cxd5 Nxd5 9. Bxe7 Qxe7 10. Nxd5 exd5 11. Qb3 Be6 12. Be2 c5 13. Qa3 Qb7 14. dxc5 bxc5 15. Qxc5 Qxb2 16. Qc1 Qxc1+ 17. Rxc1 Nd7 18. Nd4 Rfb8 19. Bb5 a6 20. Bc6 Ra7 21. 0-0 Rb2 22. f4 Nf6 23. Rf2 Rb6 24. Rfc2 g6 25. h3 Bf5 26. Nxf5 gxf5 27. Rc5 Re7 28. Bxd5 Nxd5 29. Rxd5 Rxe3 30. Rc2 Rb5 31. Rxb5 axb5 32. Rb2 Ra3 33. Rxb5 Rxa2 34. Rxf5 Kg7 35. Re5 Rb2 36. Kf1 Kg6 37. Re2 Rb3 38. Kf2 Ra3 39. Re3 Ra2+ 40. Kf3 h5 41. Rb3 Ra1 42. Rb6+ f6 43. Kg3 Ra4 44. Rb3 Ra2 45. Kf3 Ra1 46. h4 Rh1 47. g3 Rf1+ 48. Kg2 Ra1 49. Kf3 Rf1+ 50. Ke4 Re1+ 51. Re3 Rf1 52. Rb3 Re1+ 53. Kf3 Rf1+ 54. Kg2 Ra1 55. Kf3 Rf1+ 56. Kg2 Ra1 57. Kf3 1/2-1/2

[Event "Zuerich op 36th"]
[Site "Zuerich"]
[Date "2012.12.29"]
[Round "6"]
[White "Goldstern, Filip Daniel"]
[Black "Levrand, Roland"]
[Result "1-0"]
[WhiteElo "2318"]
[BlackElo "2158"]
[PlyCount "97"]
[EventDate "2012.12.26"]
[EventType "swiss"]
[EventRounds "7"]
[EventCountry "SUI"]
[SourceTitle "CBM 152 Extra"]
[Source "ChessBase"]
[SourceDate "2013.02.25"]
[SourceVersion "1"]
[SourceVersionDate "2013.02.25"]
[SourceQuality "1"]

1. d4 Nf6 2. c4 g6 3. Nc3 Bg7 4. e4 0-0 5. f3 d6 6. Bg5 Nbd7 7. Nh3 e5 8. d5 a5 9. Nf2 Nc5 10. Qd2 c6 11. Be2 a4 12. 0-0 Qc7 13. Rfd1 Rd8 14. Rab1 Rd7 15. b4 axb3 16. axb3 Ra3 17. Qc2 Ra8 18. b4 Na6 19. Be3 c5 20. Nb5 Qb8 21. bxc5 dxc5 22. Nd3 b6 23. Rb2 Ne8 24. Rdb1 Bf8 25. f4 f6 26. fxe5 fxe5 27. Qc3 Nb4 28. Nxe5 Re7 29. Nc6 Nxc6 30. dxc6 Bg7 31. Qd3 Bxb2 32. Rxb2 Ra1+ 33. Rb1 Qe5 34. Rxa1 Qxa1+ 35. Kf2 Qe5 36. Qd5+ Kg7 37. Qxe5+ Rxe5 38. Bf3 Nf6 39. Bf4 Re8 40. Nd6 Rf8 41. e5 Ng4+ 42. Kg3 h5 43. h4 Nh6 44. Bg5 Nf5+ 45. Kh2 Nd4 46. Bd5 Bg4 47. Bf6+ Kh7 48. c7 Rc8 49. Bd8 1-0

[Event "Zuerich op 36th"]
[Site "Zuerich"]
[Date "2012.12.28"]
[Round "4"]
[White "Goldstern, Filip Daniel"]
[Black "Bindrich, Falko"]
[Result "0-1"]
[WhiteElo "2318"]
[BlackElo "2545"]
[PlyCount "78"]
[EventDate "2012.12.26"]
[EventType "swiss"]
[EventRounds "7"]
[EventCountry "SUI"]
[SourceTitle "CBM 152 Extra"]
[Source "ChessBase"]
[SourceDate "2013.02.25"]
[SourceVersion "1"]
[SourceVersionDate "2013.02.25"]
[SourceQuality "1"]

1. Nf3 Nf6 2. c4 e6 3. Nc3 d5 4. d4 dxc4 5. e3 a6 6. a4 c5 7. Bxc4 Nc6 8. 0-0 Be7 9. Qd3 0-0 10. Rd1 Qc7 11. Bd2 Rd8 12. Be1 b6 13. Qe2 cxd4 14. exd4 Bb7 15. Rac1 Qf4 16. Bd2 Qg4 17. h3 Qg6 18. Be3 Nb4 19. Nh4 Qh5 20. Qxh5 Nxh5 21. Nf3 Bxf3 22. gxf3 Nf6 23. Bb3 Nfd5 24. Nxd5 Nxd5 25. Rc6 b5 26. axb5 axb5 27. Kf1 Kf8 28. Ke2 Ke8 29. Rdc1 g6 30. R6c2 Ra5 31. Rc6 Ra7 32. Rd1 Rad7 33. Rdc1 Bf6 34. R6c5 Bxd4 35. Rxd5 Rxd5 36. Bxd5 Rxd5 37. Rc8+ Kd7 38. Rc2 Bxe3 39. fxe3 Rh5 0-1

[Event "SUI-chT"]
[Site "Switzerland"]
[Date "2012.10.21"]
[Round "9.7"]
[White "Rusev, Aleksandar"]
[Black "Goldstern, Filip Daniel"]
[Result "0-1"]
[WhiteElo "2276"]
[BlackElo "2307"]
[PlyCount "80"]
[EventDate "2012.03.18"]
[EventType "team-tourn"]
[EventRounds "9"]
[EventCountry "SUI"]
[SourceTitle "EXT 2013"]
[Source "ChessBase"]
[SourceDate "2012.11.22"]
[SourceVersion "1"]
[SourceVersionDate "2012.11.22"]
[SourceQuality "1"]
[WhiteTeam "Luzern"]
[BlackTeam "Zuerich"]
[WhiteTeamCountry "SUI"]
[BlackTeamCountry "SUI"]

1. d4 Nf6 2. c4 e6 3. Nc3 d5 4. cxd5 exd5 5. Bg5 Be7 6. e3 c6 7. Bd3 Nbd7 8. Nge2 Nh5 9. Bxe7 Qxe7 10. Qc2 g6 11. g4 Ng7 12. Ng3 Nb6 13. h3 Bd7 14. 0-0-0 0-0-0 15. Qb3 h5 16. a4 hxg4 17. a5 Na8 18. hxg4 Bxg4 19. Rxh8 Rxh8 20. Re1 Nc7 21. a6 b6 22. Kb1 Rh2 23. Rc1 Qd6 24. e4 Rxf2 25. e5 Qe6 26. Nb5 cxb5 27. Bxb5 Rf3 28. Qb4 Kb8 29. Qf8+ Nge8 30. Rxc7 Kxc7 31. Bxe8 Rxg3 32. Bb5 Bf5+ 33. Ka2 Bd3 34. Qa8 Bxb5 35. Qxa7+ Kd8 36. Qb8+ Ke7 37. a7 Bc6 38. a8Q Bxa8 39. Qxa8 Qd7 40. Qa3+ Rxa3+ 0-1

[Event "SUI-chT"]
[Site "Switzerland"]
[Date "2012.06.03"]
[Round "4.8"]
[White "Kelecevic, Nedeljko"]
[Black "Goldstern, Filip Daniel"]
[Result "1/2-1/2"]
[WhiteElo "2246"]
[BlackElo "2329"]
[PlyCount "36"]
[EventDate "2012.03.18"]
[EventType "team-tourn"]
[EventRounds "9"]
[EventCountry "SUI"]
[SourceTitle "EXT 2013"]
[Source "ChessBase"]
[SourceDate "2012.11.22"]
[SourceVersion "1"]
[SourceVersionDate "2012.11.22"]
[SourceQuality "1"]
[WhiteTeam "Winterthur"]
[BlackTeam "Zuerich"]
[WhiteTeamCountry "SUI"]
[BlackTeamCountry "SUI"]

1. d4 Nf6 2. c4 e6 3. Nc3 d5 4. Nf3 c5 5. cxd5 Nxd5 6. e4 Nxc3 7. bxc3 cxd4 8. cxd4 Bb4+ 9. Bd2 Bxd2+ 10. Qxd2 0-0 11. Bc4 Nc6 12. 0-0 Qd6 13. Rac1 Rd8 14. Rfd1 Bd7 15. h3 Be8 16. d5 exd5 17. Bxd5 Qe7 18. Nd4 Nxd4 1/2-1/2

[Event "EU-Cup 27th"]
[Site "Rogaska Slatina"]
[Date "2011.10.01"]
[Round "7"]
[White "Buzeti, Jernej"]
[Black "Goldstern, Filip Daniel"]
[Result "1/2-1/2"]
[WhiteElo "2301"]
[BlackElo "2319"]
[PlyCount "35"]
[EventDate "2011.09.25"]
[EventType "team-swiss"]
[EventRounds "7"]
[EventCountry "SLO"]
[SourceTitle "CBM 145"]
[Source "ChessBase"]
[SourceDate "2011.11.11"]
[SourceVersion "1"]
[SourceVersionDate "2011.11.11"]
[SourceQuality "1"]
[WhiteTeam "Pomgrad"]
[BlackTeam "Zuerich"]
[WhiteTeamCountry "SLO"]
[BlackTeamCountry "SUI"]

1. e4 c5 2. Nf3 e6 3. d4 cxd4 4. Nxd4 a6 5. c4 Nf6 6. Nc3 d6 7. Be3 b6 8. f3 Bb7 9. Be2 Nbd7 10. 0-0 Be7 11. Qd2 0-0 12. Rfc1 Rc8 13. Bf1 Qc7 14. b4 Qb8 15. Nb3 Rfe8 16. a3 Bd8 17. Bf4 Bc7 18. Rd1 1/2-1/2

[Event "EU-Cup 27th"]
[Site "Rogaska Slatina"]
[Date "2011.09.28"]
[Round "4"]
[White "Polajzer, Danilo"]
[Black "Goldstern, Filip Daniel"]
[Result "1/2-1/2"]
[WhiteElo "2293"]
[BlackElo "2319"]
[PlyCount "69"]
[EventDate "2011.09.25"]
[EventType "team-swiss"]
[EventRounds "7"]
[EventCountry "SLO"]
[SourceTitle "CBM 145"]
[Source "ChessBase"]
[SourceDate "2011.11.11"]
[SourceVersion "1"]
[SourceVersionDate "2011.11.11"]
[SourceQuality "1"]
[WhiteTeam "Ptuj"]
[BlackTeam "Zuerich"]
[WhiteTeamCountry "SLO"]
[BlackTeamCountry "SUI"]

1. Nf3 Nf6 2. c4 c5 3. Nc3 e6 4. g3 b6 5. Bg2 Bb7 6. 0-0 d6 7. d4 cxd4 8. Qxd4 a6 9. Rd1 Nbd7 10. b3 Be7 11. e4 Qc7 12. Ba3 Nc5 13. e5 dxe5 14. Qxe5 Rc8 15. Qxc7 Rxc7 16. Ne5 Bxg2 17. Kxg2 Ncd7 18. Bxe7 Kxe7 19. Nxd7 Rxd7 20. Rxd7+ Nxd7 21. Rd1 Rc8 22. Ne4 Rc6 23. Kf1 h6 24. f4 b5 25. cxb5 axb5 26. Rd4 f5 27. Nf2 Rc2 28. a4 bxa4 29. Rxa4 Rb2 30. b4 e5 31. fxe5 Nxe5 32. Ra7+ Kf6 33. Ra6+ Ke7 34. Ra7+ Kf6 35. Ra6+ 1/2-1/2